• 首页
  • 本馆介绍
  • 公告通知
  • 最新文献
  • 馆藏检索
  • 电子资源
  • 读者导购
  • 参考咨询
  • 我的图书馆
  • 登录
  • 详细信息显示
  • 放入我的书架
  • 预约/预借图书
  • 作者相关作品
  • 分类相关作品
  • 丛书相关作品
  • 出版社相关作品

书目信息

  • 表格格式
  • 工作单格式
  • 卡片格式
题名:
中式烹调技艺
    
 
作者: 朱宝鼎 , 李军 主编
分册:  
出版信息: 大连   东北财经大学出版社  2003
页数: 180页
开本: 26cm
丛书名:
单 册:
中图分类: TS972.117
科图分类:
主题词: 烹饪--中国--中等专业教育--教材
电子资源:
ISBN: 978-7-81084-192-4
000 00936nam0 2200265---450-
001 0100873846
005 20030310094925.0
010    @a978-7-81084-192-4@dCNY15.00
100    @a20030121d2003----em-y0chiy0110----ea
101 0  @achi
102    @aCN@b210000
105    @ay---z---000yy
106    @ar
200 1  @a中式烹调技艺@9Zhong Shi Peng Diao;Tiao Ji Yi @f朱宝鼎,李军主编@b专著
210    @a大连@c东北财经大学出版社@d2003
215    @a180页@d26cm
300    @a中等职业教育国家规划教材 烹饪专业主干课系列教材
304    @a全国中等职业教育教材审定委员会审定
330    @a本书内容包括中式烹调概述、鲜活烹饪原料的初步加工、刀工刀法和勺工技艺、配菜、火候、调味、制汤、热菜烹调方法、热菜装盘、筵席知识等。
606 0  @a烹饪@y中国@x中等专业教育@j教材
690    @aTS972.117@v4
701  0 @a朱宝鼎@4主编@9zhu bao ding
701  0 @a李军@4主编@9li jun
801  0 @aCN@bAZmarc@c20230831
905    @aBZT@dTS972.117@e17@f1@sTS972.117/17
    
    中式烹调技艺/朱宝鼎,李军主编.-大连:东北财经大学出版社,2003
    180页;26cm
    中等职业教育国家规划教材 烹饪专业主干课系列教材
    
    ISBN 978-7-81084-192-4:CNY15.00
    本书内容包括中式烹调概述、鲜活烹饪原料的初步加工、刀工刀法和勺工技艺、配菜、火候、调味、制汤、热菜烹调方法、热菜装盘、筵席知识等。
●
相关链接 在五车中查询图书 在当当中查询图书 在豆瓣中查询图书


正题名:中式烹调技艺     索取号:TS972.117/17         预约/预借

序号 登录号 条形码 馆藏地/架位号 状态 备注
1 2000064846   2000064846   旧书回溯/ [索取号:TS972.117/17] 在馆    
山东省滨州职业学院图书馆 欢迎您!
大连网信软件有限公司© 版权所有